LEADER 00727nam a2200217 i 4500 001 991003105659707536 005 20020503183522.0 008 990330s1911 fr ||| | fre 035 $ab1045889x-39ule_inst 035 $aEXGIL115207$9ExL 040 $aBiblioteca Interfacoltà$bita 100 1 $aLuchaire, Achille$0218826 245 10$aInnocent III 260 $aParis :$bHachette,$c1911 300 $a262 p. ;$c18 cm. 907 $a.b1045889x$b02-04-14$c27-06-02 912 $a991003105659707536 945 $aLE002 Fondo Giudici M 643$g1$iLE002G-643$lle002$o-$pE0.00$q-$rn$so $t0$u0$v0$w0$x0$y.i10531373$z27-06-02 996 $aInnocent III$9221874 997 $aUNISALENTO 998 $ale002$b01-01-99$cm$da $e-$ffre$gfr $h0$i1